Hidrocefalias no tumorales (Record no. 109973)

MARC details
000 -LEADER
campo de control de longitud fija 00573nam a2200181 4500
001 - NÚMERO DE CONTROL
campo de control 109973
003 - IDENTIFICADOR DE NÚMERO DE CONTROL
campo de control ES-MaACL
005 - FECHA Y HORA DE LA ÚLTIMA TRANSACCIÓN
campo de control 20250814063227.0
007 - CAMPO FIJO DE DESCRIPCIÓN FÍSICA--INFORMACIÓN GENERAL
campo de control de longitud fija t|
008 - DATOS DE LONGITUD FIJA--INFORMACIÓN GENERAL
campo de control de longitud fija 061121s1962 sp r ||||1| spa d
100 1# - ENTRADA PRINCIPAL--NOMBRE DE PERSONA
Nombre de persona Obrador Alcalde, Sixto,
Fechas asociadas al nombre 1911-1978
9 (RLIN) 86417
245 10 - MENCIÓN DEL TÍTULO
Título Hidrocefalias no tumorales
Resto del título : ( clínica y terapéutica) /
Mención de responsabilidad, etc. Sixto Obrador Alcalde, E. Lamas.
260 ## - PUBLICACIÓN, DISTRIBUCIÓN, ETC.
Lugar de publicación, distribución, etc. Barcelona :
Nombre del editor, distribuidor, etc. Toray,
Fecha de publicación, distribución, etc. 1962.
300 ## - DESCRIPCIÓN FÍSICA
Extensión VIII, 133 p. :
Otras características físicas il. ;
Dimensiones 22 cm.
700 1# - ENTRADA AGREGADA--NOMBRE PERSONAL
Nombre de persona Lamas, E.
9 (RLIN) 69777
852 ## - LOCALIZACIÓN
Ubicación ES-MaACL
Número de control de estantería C-24480
Sublocalización o colección R.51869
Holdings
Estatus retirado Estado de pérdida Estado de daño No para préstamo Biblioteca de origen Biblioteca actual Ubicación en estantería Fecha de adquisición Fuente de adquisición Total de préstamos Signatura topográfica completa Código de barras Visto por última vez Precio de reemplazo Tipo de ítem Koha
        Biblioteca del Ateneo de Madrid Biblioteca del Ateneo de Madrid Depósito 2 17/01/2008     C-24480 1114742 23/02/2023 23/02/2023 Libro impreso